000 00264nam a2200097Ia 4500
008 230915s9999 xx 000 0 und d
050 _aHB 172. M53 2012
100 _a MCCONNELL, CAMPBELL R.
245 0 _aMICROECONOMICS:PRINCIPLES,PROBLEMS AND POLICIES
942 _cBK
999 _c73889
_d73889